Pesy stolichnykh i provintsialnykh teatrov pervoi poloviny XVIII v. /

Uloženo v:
Podrobná bibliografie
Další autoři: Derzhavina, O. A. (Olga Aleksandrovna)
Médium: Kniha
Jazyk:Russian
Vydáno: Moskva : "Nauka", 1975.
Edice:Ranniaia russkaia dramaturgiia ; 4
Témata:
LEADER 00923nam a22002291a 4500
001 c000117444
003 CARM
005 20000414123729.0
008 870210s1975 ru 000 0 rus d
019 1 |a 5231253  |z 12625723  |5 LACONCORD2021 
035 |a (OCoLC)2760818  |5 LACONCORD2021 
040 |a NZOC  |b eng  |c NZOC  |d NZOC 
050 4 |a PG3076 
245 0 0 |a Pesy stolichnykh i provintsialnykh teatrov pervoi poloviny XVIII v. /  |c izd. podgotovili: O.A. Derzhavina ... [i dr.]. 
260 |a Moskva :  |b "Nauka",  |c 1975. 
300 |a 733 p. ;  |c 21 cm. 
440 0 |a Ranniaia russkaia dramaturgiia ;  |v 4 
650 0 |a Russian drama  |y 18th Century. 
700 1 |a Derzhavina, O. A.  |q (Olga Aleksandrovna) 
852 8 |b CARM  |h A2:AH08C0  |i B04018  |p 0184989  |f BK 
999 f f |i 297823ab-e8db-5d8b-a3e4-41c6857df7be  |s 330fb00d-bdc7-5160-a604-4f82225409aa 
952 f f |p Can circulate  |a CAVAL  |b CAVAL  |c CAVAL  |d CARM 1 Store  |e B04018  |f A2:AH08C0  |h Other scheme  |i book  |m 0184989